Mobile phone programming and its application to wireless networking

This book provides a solid overview of mobile phone programming for readers in both academia and industry. Coverage includes all commercial realizations of the Symbian, Windows Mobile and Linux platforms. The text introduces each programming language (JAVA, Python, C/C++) and offers a set of develop...

وصف كامل

محفوظ في:
التفاصيل البيبلوغرافية
المؤلف الرئيسي: Fitzek, Frank H.P.
مؤلفون آخرون: Reichert, Frank
التنسيق: كتاب
اللغة:Vietnamese
منشور في: The Netherlands Spinger 2007
الموضوعات:
الوسوم: إضافة وسم
لا توجد وسوم, كن أول من يضع وسما على هذه التسجيلة!
Thư viện lưu trữ: Thư viện Trường Đại học Nam Cần Thơ
LEADER 01264nam a22002177a 4500
001 NCT_95660
008 220113b xxu||||| |||| 00| 0 vie d
999 |c 4752  |d 4752 
020 |a 9789401776714  |c 5544000 
082 0 4 |2 23rd ed.  |a 005.1  |b F548 
100 1 |a Fitzek, Frank H.P. 
245 1 0 |a Mobile phone programming and its application to wireless networking  |c Frank H.P. Fitzek, Frank Reichert 
260 |a The Netherlands  |b Spinger  |c 2007 
300 |a xxiv, 473 p.  |b ill.  |c 25cm 
504 |a Includes bibliographical references and index 
520 3 |a This book provides a solid overview of mobile phone programming for readers in both academia and industry. Coverage includes all commercial realizations of the Symbian, Windows Mobile and Linux platforms. The text introduces each programming language (JAVA, Python, C/C++) and offers a set of development environments "step by step," to help familiarize developers with limitations, pitfalls, and challenges. 
653 |a Công nghệ thông tin 
700 1 |a Reichert, Frank  
942 |2 ddc  |c BK 
952 |0 0  |1 0  |2 ddc  |4 0  |6 005_100000000000000_F548  |7 0  |9 22130  |a 000001  |b 000001  |d 2022-01-13  |o 005.1 F548  |p MD.19193  |r 2022-01-13  |v 999999.99  |w 2022-01-13  |y BK 
980 |a Thư viện Trường Đại học Nam Cần Thơ